000 00719 a2200217 4500
001 216222009
003 UA-OsUOA
005 20220201092127.0
008 220201b un ||||| |||| 00| 0 ukr d
040 _aUA-OsUOA
_bukr
_cUA-OsUOA
_dUA-OsUOA
041 _aukr
080 _a050
090 _a050
_bВ53
245 _aВісник Товариства Сприяння Українській Національній Раді
_nР. ІІІ. Ч. 9 (липень)
260 _c1972
591 _bОльга Матула
650 _2UDC 050
942 _cMGN
_2udc
955 _a0
999 _c571995
_d571995